Entrepreneurship research journal

Bibliographic Details
Format: Electronic Journal
Language:English
Published: Berkeley, CA : Berkeley Electronic Press, 2011-
Berlin, Germany : Walter de Gruyter GmbH
Subjects:
Online Access:Full text available from Research Library: 07/01/2014 to 01/31/2017

MARC

LEADER 00000nas a2200000 i 4500
001 ssj0000547986
003 WaSeSS
005 20200512172242.0
006 m d
007 cr n
008 100922c20109999gw qr pss | a0eng
010 |a  2010200471 
016 7 |a 2629311-0  |2 DE-600 
022 |a 2157-5665  |y 2194-6175 
035 |a (WaSeSS)ssj0000547986 
037 |b Berkeley Electronic Press, 2809 Telegraph Ave., Ste 202, Berkeley, CA 94705 
040 |a DLC  |b eng  |c DLC  |d HEBIS  |d UAB  |d OCLCQ  |d DLC  |d OCLCF  |d CUS  |d DLC  |d OCLCO  |d DLC  |d OCLCQ  |d WT2  |d ZAC  |d OCLCQ  |d AU@  |d VT2  |d CNTRU  |d OCLCQ  |d WaSeSS 
042 |a pcc  |a nsdp 
050 0 0 |a HB615 
050 1 4 |a HB615 
082 0 0 |a 650  |2 23 
222 0 |a Entrepreneurship research journal  |b (Online) 
245 0 0 |a Entrepreneurship research journal  |h [electronic resource]. 
246 1 |a ERJ 
260 |a Berkeley, CA :  |b Berkeley Electronic Press,  |c 2011- 
260 3 |3 <2015-> :  |a Berlin, Germany :  |b Walter de Gruyter GmbH 
310 |a Quarterly 
362 1 |a Began with: Volume 1, issue 1 (Jan. 2011). 
506 |a License restrictions may limit access. 
588 0 |a Volume 1, issue 1 (Jan 2011); title from caption (De Gruyter website, viewed June 24, 2013). 
588 1 |a Volume 5, issue 1 (Jan 2015) (viewed Mar. 12, 2015). 
650 0 |a Entrepreneurship  |v Periodicals. 
650 7 |a Entrepreneurship.  |2 fast  |0 (OCoLC)fst00912787 
655 0 |a Electronic journals. 
776 0 8 |i Print version:  |t Entrepreneurship research journal  |x 2194-6175  |w (DLC) 2015205200  |w (OCoLC)900083227 
850 |a DLC 
856 4 0 |z Full text available from Research Library: 07/01/2014 to 01/31/2017  |u https://search.proquest.com/publication/1176335